Quizzes
Events
Quiz Creation
Community
Videos
Private Events
Remove Ads
Sign In
Join for FREE
Feedback
Dark Mode
Quiz Categories
Sports
Geography
Music
Movies
Television
Just For Fun
Miscellaneous
History
Literature
Language
Science
Gaming
Entertainment
Religion
Holiday
For Kids
Quiz Lab
Recent
Popular Today
Quiz Kudos Today
Editor Picks
Curator Picks
Quizzes by...
Day
Popularity
Type
Ratings
Length
Year
Community
Subscriptions
Recent Discussions
Orange Saloon
Badges
Playlists
Quests
Create
Leaderboards
Showdown
Live 5
Trivia Bingo
Activity
Puzzle Library
Sporcle Events
Private Events
Virtual Trivia
Globe League
Become a Host
Pub Owners
SporcleCon
Opinionation
Our Games
Videos
Blog
Mobile Apps
Partnerships
Remove Ads and Go Orange
Feedback
Television
TV Characters
TV Show
Sitcom
Network
Friends
Reality Shows
Cast
South Park
Star Trek
The Simpsons
Doctor Who
Television
TV Characters
TV Show
Sitcom
Network
Friends
Reality Shows
Cast
South Park
Star Trek
The Simpsons
Doctor Who
Random Quiz
Search Sporcle
×
Quiz Lab
Quiz Lab
Television
Athletes
Type in answers that appear in a list
Type in answers that appear in a list
Classic
Best Score? Go Orange.
Entourage Athlete/Musician Cameos Stats
Can you name the athletes and musicians that appeared on Entourage?
By
outerspace
6m
15 Questions
230 Plays
230 Plays
230 Plays
Comments
Comments
Give Quiz Kudos
Give Quiz Kudos
-
- Ratings
hide this ad
Replay
Link that replays current quiz
Next Quiz
Link to next quiz in quiz playlist
You Got
0%
They Got
Avg Score
56%
Avg Friend Score
Upgrade to see
Score Distribution
Jump to the score distribution portion of the page
Score
0/15
Timer
06:00
0
Plays Today
Episode
Name
% Correct
I Love You, Too
U2
82.2%
Fore!
Tom Brady
81.3%
Give a Little Bit
LeBron James
77%
ReDOMption
Phil Mickelson
74.8%
No Cannes Do
Kanye West
73.5%
Gotcha!
Chuck Liddell
64.3%
My Maserati Does 185
Lamar Odom
62.2%
One Car, Two Car, Red Car, Blue Car
50 Cent
60.4%
Episode
Name
% Correct
The Dream Team
Snoop Dogg
57.8%
Give a Little Bit
Bono
54.3%
Unlike a Virgin
Tony Bennett
45.7%
Return to Queens Blvd
Michael Phelps
43.9%
Murphy's Lie
Steve Nash
37.4%
Gary's Desk
Mary J. Blige
23.9%
Talk Show
Vitali Klitschko
7.8%
Quiz Playlist
Details
Report
Send in Message
Add To Playlist
Classic:
Type in answers that appear in a list
Last Updated: Feb 16, 2017
Quiz Scoreboard
CHALLENGE
Sign Up to Join the Scoreboard
Show All
Scores
Hide
Comments
May contain spoilers
Recently Published
TV Characters by Other Roles V
by ghcgh
Television
5m
Decade Duel: World Leaders
by jenniferyan
History
4m
Alphabetical 'K' Countries by Flag Minefield
by ylime102
Geography
3m
More to Explore
Quiz From the Vault
Featured Blog Post
15 Basketball Trivia Facts You Can Be March Mad About
hide this ad
You Might Also Like...
Tags
Athletes Quiz
cameo
Entourage
episode
Musician
Today's Top Quizzes in Television
Browse Television
hide this ad
Today's Top Quizzes in Athletes
Browse Athletes
Top Contributed Quizzes in Television
1
Hidden Simpsons Character
2
One Piece Logic Puzzle
3
First Name TV: Leading Men
4
Hidden Simpsons Character XXIV
5
Grey's Anatomy Logic Puzzle
6
First Name TV: Leading Women Drama
7
Hidden Simpsons Character II
8
Hidden Simpsons Character XXVI
9
Hidden Simpsons Character XXV
10
TV Characters by Other Roles VI
Explore More
Trending Topics
Marvel
Anime
Crossword
Harry Potter
Disney
NBA
Kpop
Pokémon
Soccer
WWE
The Office
Puzzle
NFL
Song
Country
hide this ad
More By:
outerspace
Quiz
Plays
Rating
Category
Featured
Created
Entourage Athlete/Musician Cameos
230
5.00
Television
Jun 17, 2010
Entourage Women
127
Television
Jun 17, 2010
Go to Creator's Profile
Score Distribution
Quiz Creator Spotlight
outerspace
Follow
Send a Message
Quizzes Created
-
Created Quiz Play Count
-
More By This Creator
Popular Quizzes Today
1
Countries of Asia Without Outlines Minefield
2
Find the US States - No Outlines Minefield
3
Pick 6: Fruits
4
The Countries of the World
5
Find the Countries of Europe - No Outlines Minefield
6
Alphabetical 'K' Countries by Flag Minefield
7
US States
8
Find the US States
More Television Quizzes
Game of Thrones: Beards
Published
Trending Quizzes
Pick 6: Mountains
Pick 6: Harry Potter
Pick 6: NFL Teams
Pick 6: Flags
C Names for Actors
Recently Updated
Adaptations: Name the Title
pecheneg
NWSL Teams
pecheneg
Women's Final Four Teams by Year
bhenderson79
Presidents Quartet II
eogle
Anything But Clue(do)
eogle
Anything But Oceanian Capitals
eogle
Anything But 7
eogle
Anything But Thing
eogle
Word Ladder: February 29
pecheneg
Song Title Questions
pecheneg
Trending Topics
Crossword
Harry Potter
Anime
Kpop
NBA
Disney
Marvel
NFL
Country
WWE
Puzzle
Pokémon
Song
Soccer
The Office
Your Account Isn't Verified!
In order to create a playlist on Sporcle, you need to verify the email address you used during registration. Go to your
Sporcle Settings
to finish the process.
Report this User
Report this user for behavior that violates our
Community Guidelines
.
Details:
Send Report
Go to the Sporcle.com Mobile Site →
Comments